000 00593nam a2200205Ia 4500
003 GCL
008 140319s9999 xx 000 0 ara d
040 _aGCL /
_cGCL
082 0 4 _a301.42
_bك ا
100 1 _aكوثر حسين كوجاك
245 1 0 _aالادارة المنزلية /
_cكوثر حسين كوجاك
260 _a[S.N] :
_bعالم الكتب الحديث ،
_c1993
300 _a264 ص
490 _a
650 0 4 _aالعلم
650 0 4 _aالعلاقات الاسرية
650 0 4 _aالاجتماع
650 0 4 _aميزانية الاسرة
942 _2ddc
_cBK
999 _c32587
_d32587